Anatomy of typeface

שמור ב:
מידע ביבליוגרפי
מחבר ראשי: Lawson, Alexander S (Author)
פורמט: ספר
שפה:אנגלית
יצא לאור: Boston David R. Godine 1990
נושאים:
תגים: הוספת תג
אין תגיות, היה/י הראשונ/ה לתייג את הרשומה!

MARC

LEADER 00000nam a2200000 a 4500
001 UCV8664
003 CL-VaPUC
008 911114e19900000US |||||||||||||||||eng|d
082 0 4 |a 686.224  |b LAW  |2 21 
100 0 |a Lawson, Alexander S  |e author  |9 302690 
245 1 0 |a Anatomy of typeface 
300 |a 428 p 
942 |c BK 
945 |d 19911114 00:00:00 
260 |a Boston  |b David R. Godine  |c 1990 
650 0 |a Tipos (Imprenta)  |9 266376 
650 7 |a IMPRENTA REPRODUCCION FACSIMILAR  |2 CL-VaPUC  |9 302691 
583 |a last modification  |c 20120522 09:17:13  |k Rodrigo Vera 
999 |c 214148  |d 214146 
952 |0 0  |1 0  |4 0  |6 686_224000000000000_LAW_1990  |7 0  |8 A  |9 197259  |a BIBARQ  |b BIBARQ  |d 2019-11-14  |i 2649500  |o 686.224 LAW 1990  |p 2649500  |r 2025-01-20  |w 2019-11-14  |y BK  |k ARQ